000 00668am a2200265a 44500
003 AR-BaBNM
005 20251128211007.0
008 200531s1980 Arg|||||||||||000 | esp||
040 _cAR-BaBNM
100 1 _aMontovio, Ismael G.
245 1 0 _aDerechos humanos y terrorismo
260 _aBuenos Aires
_bDepalma
_c1980
300 _axvi; 175 p.
490 0 _aHumanismo y Terror
_vv. 8
650 4 _aHISTORIA ARGENTINA
650 4 _aTERRORISMO
650 4 _aHISTORIA POLITICA
650 4 _aIDEOLOGIAS
650 4 _aDERECHOS HUMANOS
650 4 _aJUSTICIA
650 4 _aLIBERTAD
800 1 _aAlonso PiƱeiro, Armando
942 _cBK
998 _cmariana
999 _c17798
_d17798